Multisensory Integration: Brain, Body and the World (Record no. 26384)
[ view plain ]
| 000 -LEADER | |
|---|---|
| fixed length control field | 00623nam a2200133Ia 4500 |
| 008 - FIXED-LENGTH DATA ELEMENTS--GENERAL INFORMATION | |
| fixed length control field | 220620s9999||||xx |||||||||||||| ||und|| |
| 022 ## - INTERNATIONAL STANDARD SERIAL NUMBER | |
| International Standard Serial Number | 16648714 |
| 100 ## - MAIN ENTRY--PERSONAL NAME | |
| Personal name | Achille Pasqualotto||Andriy Myachykov||Magda L. Dumitru |
| 245 #0 - TITLE STATEMENT | |
| Title | Multisensory Integration: Brain, Body and the World |
| 546 ## - LANGUAGE NOTE | |
| Language note | English[eng] |
| 650 ## - SUBJECT ADDED ENTRY--TOPICAL TERM | |
| Topical term or geographic name entry element | attentional deployment||space and time processing||Numerical cognition||Language||emotional processing||embodied reasoning||multisensory integration||body representation |
| 856 ## - ELECTRONIC LOCATION AND ACCESS | |
| Uniform Resource Identifier | <a href="http://journal.frontiersin.org/researchtopic/3232/multisensory-integration-brain-body-and-the-world">http://journal.frontiersin.org/researchtopic/3232/multisensory-integration-brain-body-and-the-world</a> |
| 942 ## - ADDED ENTRY ELEMENTS (KOHA) | |
| Koha item type | E-Books |
| Withdrawn status | Lost status | Damaged status | Not for loan | Home library | Current library | Date acquired | Total Checkouts | Date last seen | Price effective from | Koha item type |
|---|---|---|---|---|---|---|---|---|---|---|
| Kerala University of Digital Sciences, Innovation and Technology Knowledge Centre | Kerala University of Digital Sciences, Innovation and Technology Knowledge Centre | 20/06/2022 | 20/06/2022 | 20/06/2022 | E-Books |